| 000 | 00372nam a2200145Ia 4500 | ||
|---|---|---|---|
| 008 | 150201s2005 xx 000 0 und d | ||
| 082 |
_a621.3192 _bIRW |
||
| 100 | _aIrwain,J. David | ||
| 245 | _aBasic engineering circuit analysis | ||
| 250 | _a8th Ed. | ||
| 260 |
_bJohn Wiley & Sons _aNew York _c2005 |
||
| 300 | _a794p. | ||
| 700 | _aNelms,R. Mark | ||
| 942 |
_2ddc _cBK _04 |
||
| 999 |
_c5291 _d5291 |
||